banner-ar

هندسة الراديو / (Record no. 49744)

MARC details
000 -الفاتح
حقل البيانات ثابتة الطول 00575nam a2200205Ia 4500
008 - عناصر البيانات ثابتة الطول - معلومات عامة
حقل البيانات ثابتة الطول 140319s9999 xx 000 0 ara d
040 ## - مصدر الفهرسة
وكالة الفهرسة الأصلية GCL /
وكالة النسخ GCL
082 04 - رقم تصنيف ديوى العشرى
رقم التصنيف 621.3841
رقم المادة ن ه
100 1# - المدخل الرئيسى - إسم شخصى
الإسم الشخصى صلاح عامر
245 10 - بيان العنوان
العنوان هندسة الراديو /
بيان المسئوليه,etc صلاح عامر
700 1# - المدخل الاضافى - اسم شخصى
الإسم الشخصى رزق باسيلى
700 1# - المدخل الاضافى - اسم شخصى
الإسم الشخصى نورس، روى ك.
300 ## - الوصف المادى
التعداد 368 ص
490 ## - بيان السلسلة
عنوان السلسلة الالف كتاب
رقم المجلد/ التعيين التسلسلي 0
650 04 - المدخل الاضافى بالموضوع-مصطلح موضوعى
مصطلح موضوعي الهندسة الالكترونية
650 04 - المدخل الاضافى بالموضوع-مصطلح موضوعى
مصطلح موضوعي الهندسة
650 04 - المدخل الاضافى بالموضوع-مصطلح موضوعى
مصطلح موضوعي الهندسة الكهربية
942 ## - عناصر المدخل الإضافي( كوها)
مصدر التصنيف او مخطط الترفيف Dewey Decimal Classification
Koha [default] item type كتاب
Holdings
حالة التراجع حالة الفقد حالة تلف ليس للاعارة المكان المؤقت الموقع الحالى تاريخ الاكتساب اجمالي اﻻعارات رقم الطلب الباركود تاريخ اخر مشاهدة تاريخ تفعيل السعر نوع وعاء كوها
        مكتبة القاهرة الكبرى مكتبة القاهرة الكبرى 03/26/2014   621.3841\ن ه 119454 03/26/2014 03/26/2014 كتاب

Powered By

EGPV